Wrocław czy Inowrocław? - Statystyki

Ogólne statystyki
  • Ten quiz został rozwiązany 111 razy
  • Średni wynik to 11 z 15
Statystyki odpowiedzi
Zagadnienie Odpowiedź % Poprawnych
Tamtejszy klub piłkarski występował w Ekstraklasie Wrocław
96%
Ma status uzdrowiska Inowrocław
94%
Posiada funkcjonującą komunikację miejską Oba
84%
Jest siedzibą katolickiej archidiecezji Wrocław
77%
Na jego rynku znajduje się pomnik Królowej Jadwigi Inowrocław
74%
Najdłuższą ulicą tego miasta jest ul. Poznańska Inowrocław
74%
Na jego czele stoi prezydent Oba
73%
Znajduje się tam Galeria Solna Inowrocław
70%
Obwodnica tego miasta stanowi część drogi krajowej nr 25 Inowrocław
65%
Jednym z jego osiedli jest Sępolno Wrocław
65%
Leży bliżej Ostrowa Wielkopolskiego Wrocław
62%
Wywodzi się stamtąd knysza Wrocław
61%
Na jego obecnym terenie urodził się Jan Kasprowicz Inowrocław
58%
W czasach po kongresie wiedeńskim znajdował się w granicach Prus Oba
58%
Znajduje się tam Plac Solny Wrocław
52%
Nie znaleziono quizów pasujących do podanych kryteriów
Rozkład punktacji
Procent ludzi z każdym wynikiem
Percentyl według liczby udzielonych odpowiedzi
Twoja historia wyników
Nie rozwiązałeś tego quizu